Le cannabis et sa consommation (notice n° 1566778)

détails MARC
000 -LEADER
fixed length control field 01362cam a2200133 4500500
005 - DATE AND TIME OF LATEST TRANSACTION
control field 20251214002158.0
041 ## - LANGUAGE CODE
Language code of text/sound track or separate title fre
042 ## - AUTHENTICATION CODE
Authentication code dc
100 10 - MAIN ENTRY--PERSONAL NAME
Personal name Richard, Denis
Relator term author
245 00 - TITLE STATEMENT
Title Le cannabis et sa consommation
260 ## - PUBLICATION, DISTRIBUTION, ETC.
Name of publisher, distributor, etc. Armand Colin,<br/>
Date of publication, distribution, etc. 2009.<br/>
520 ## - SUMMARY, ETC.
Summary, etc. Le cannabis, sous forme d’herbe comme de haschich, est une drogue dont l’usage abusif, très banal, expose à une toxicité désormais reconnue. Perturbant la vigilance et les performances, il peut être à l’origine d’accidents de la route ; induisant une perte d’élan vital, il peut être à l’origine d’une désinsertion sociale et scolaire. Plus encore, sa consommation massive peut entraîner une dépendance psychique comme physique et des troubles psychiatriques sévères. Les modalités d’usage actuelles du cannabis, le recours à des variétés plus concentrées en THC (le principe psychoactif de la plante), une consommation précoce, une fréquente association à l’alcool ou à des médicaments, expliquent les problèmes sanitaires et sociaux aigus posés par cette drogue. Ce petit ouvrage, très actualisé, est rédigé pour un large public concerné à titre personnel ou professionnel par cette toxicomanie au cannabis.
856 41 - ELECTRONIC LOCATION AND ACCESS
Uniform Resource Identifier <a href="https://stm.cairn.info/le-cannabis-et-sa-consommation--9782200355814?lang=fr&redirect-ssocas=7080">https://stm.cairn.info/le-cannabis-et-sa-consommation--9782200355814?lang=fr&redirect-ssocas=7080</a>

Pas d'exemplaire disponible.

PLUDOC

PLUDOC est la plateforme unique et centralisée de gestion des bibliothèques physiques et numériques de Guinée administré par le CEDUST. Elle est la plus grande base de données de ressources documentaires pour les Étudiants, Enseignants chercheurs et Chercheurs de Guinée.

Adresse

627 919 101/664 919 101

25 boulevard du commerce
Kaloum, Conakry, Guinée

Réseaux sociaux

Powered by Netsen Group @ 2025